| 000 | 00430pam a2200157 a 4500 | ||
|---|---|---|---|
| 020 |
_a9781451110906 _c |
||
| 041 | _aeng | ||
| 082 |
_a617.3 _bGRE/STE |
||
| 100 | _aGREENSPAN A., STEINBACH L.S. | ||
| 245 |
_aORTHOPEDIC IMAGING A PRACTICAL APPROACH + ONLINE _hTextual Documents |
||
| 250 | _a5 TH . | ||
| 260 |
_bLIPPINCOTT WILLIAMS & WILKINS _c2011 |
||
| 300 |
_a986+: _bXIV; _cHB+ _eONLINE. |
||
| 930 | _a5200 | ||
| 999 |
_c799727 _d799727 |
||
| 650 | _aORTHO | ||